| 000 | 00733nam a2200241 a 4500 | ||
|---|---|---|---|
| 001 | BRCA_2072 | ||
| 005 | 20190320203645.0 | ||
| 008 | 070808s1991----waua---###---#000-0#eng-# | ||
| 020 | _a1560983248 | ||
| 050 | 4 |
_aAM7 _b.B45 1991 |
|
| 100 | 1 |
_aBelcher, Michael _96301 |
|
| 245 | 1 | 0 |
_aExhibitions in Museums _cMichael Belcher. |
| 260 |
_aWashington, D.C. _bSmithsonian Institution Press _c1991 |
||
| 300 |
_a230 p. _bil. _c28 cm. |
||
| 500 | _aIncluye lista de figuras | ||
| 500 | _aEjemplar engargolado | ||
| 500 | _aPor polĂtica no se presta a domicilio | ||
| 504 | _aBibliografĂa: p. 215-224 | ||
| 650 | 1 | 4 |
_aExposiciones en museos _96302 |
| 650 | 1 | 4 |
_aMuseos _xAspectos educacionales _96303 |
| 902 | _aeng | ||
| 942 |
_2lcc _cB |
||
| 999 |
_c1830 _d1830 |
||